[Event "Groeden II-SK Ridnaun"]
[Site "?"]
[Date "2013.01.19"]
[Round "7.4"]
[White "Moroder, Richard"]
[Black "Helfer, Sieghard"]
[Result "1/2-1/2"]
[WhiteElo "1413"]
[BlackElo "1532"]
[PlyCount "97"]
[EventDate "2013.??.??"]

1. e4 g6 2. d4 Bg7 3. Nf3 d6 4. Nc3 Nd7 5. Be2 e6 6. O-O Ne7 7. Be3 b6 8. Qd2
h6 9. Rad1 Bb7 10. Qc1 g5 11. h3 Ng6 12. Bd3 O-O 13. Nh2 e5 14. Ne2 Nf6 15. Ng3
Nf4 16. f3 N6h5 17. Nf5 Nxd3 18. cxd3 Nf4 19. Ng4 Ne2+ 20. Kh1 Nxc1 21. Rxc1
Kh7 22. d5 Kg6 23. Rc2 Rc8 24. g3 h5 25. Nh2 Bf6 26. Rg2 c6 27. dxc6 Rxc6 28.
f4 g4 29. hxg4 hxg4 30. Nxg4 Rh8+ 31. Kg1 Bc8 32. Nxf6 Qxf6 33. fxe5 Qxe5 34.
Bd4 Qe8 35. Bxh8 Qxh8 36. Ne7+ Kg7 37. Nxc6 Ba6 38. Rd1 Qh5 39. Rc1 Bxd3 40.
Nd4 Bxe4 41. Rh2 Qg5 42. Ne2 Bf3 43. Rc3 Qd5 44. Kf2 Bxe2 45. Kxe2 Qxa2 46. Kd3
Qb1+ 47. Rhc2 Qf1+ 48. Kd4 Qf6+ 49. Kd5 1/2-1/2

[Event "Groeden II-SK Ridnaun"]
[Site "?"]
[Date "2013.01.19"]
[Round "7.5"]
[White "Gasteiger, Josef"]
[Black "Runggaldier, Arthur"]
[Result "0-1"]
[WhiteElo "1370"]
[BlackElo "1396"]
[PlyCount "90"]
[EventDate "2013.??.??"]

1. c4 e5 2. Nc3 Bc5 3. Nf3 Nf6 4. e3 d6 5. d4 exd4 6. exd4 Bb6 7. Bg5 O-O 8.
Nd5 Ba5+ 9. b4 Qe8+ 10. Be2 Nxd5 11. bxa5 Nc3 12. Qc2 Nxe2 13. Qxe2 Qa4 14. O-O
Qxa5 15. Rfe1 Bg4 16. Qd2 Qf5 17. Nh4 Qc8 18. h3 Bd7 19. Re2 f6 20. Be3 Nc6 21.
d5 Ne5 22. Qc3 b5 23. c5 dxc5 24. Bxc5 Re8 25. Rae1 Qb7 26. f4 Nc4 27. Qd4 Kf7
28. Re7+ Kg8 29. R1e2 a5 30. a4 Nd6 31. R2e3 Rxe7 32. Rxe7 Qc8 33. Bxd6 cxd6
34. axb5 Bxb5 35. f5 Qf8 36. Rb7 Be2 37. Qa4 Qc8 38. Rb6 Qc5+ 39. Kh2 Qxb6 40.
Qd7 a4 41. Qe6+ Kh8 42. Qxe2 a3 43. Qh5 Qb7 44. Ng6+ Kg8 45. Nf4 a2 0-1

[Event "Groeden-ASD Arci Scacchi"]
[Site "?"]
[Date "2013.01.19"]
[Round "7.2"]
[White "Bernardi, Ruben"]
[Black "Pichler, Klaus"]
[Result "1-0"]
[WhiteElo "2102"]
[BlackElo "1711"]
[PlyCount "75"]
[EventDate "2013.??.??"]

1. e4 d5 2. exd5 Qxd5 3. Nc3 Qd6 4. d4 Nf6 5. Nf3 a6 6. a4 Bg4 7. Be2 Nc6 8.
Be3 O-O-O 9. Ng5 Be6 10. Nxe6 fxe6 11. Bc4 e5 12. d5 Nb4 13. O-O Nbxd5 14. Bxd5
Nxd5 15. Nxd5 Qxd5 16. Qg4+ Qd7 17. Qh5 e6 18. Rad1 Bd6 19. c4 Qxa4 20. Qg4 Qc6
21. Qxe6+ Qd7 22. Qd5 Rhe8 23. Qe4 Qe6 24. c5 Be7 25. b4 g5 26. Rxd8+ Rxd8 27.
Qxh7 e4 28. h3 g4 29. hxg4 Qxg4 30. Qxe7 Rg8 31. g3 Qh3 32. Qxe4 Rxg3+ 33. fxg3
Qxg3+ 34. Qg2 Qxe3+ 35. Rf2 Qe1+ 36. Kh2 Qxb4 37. Rf8+ Kd7 38. Qd5+ 1-0

[Event "Groeden-ASD Arci Scacchi"]
[Site "?"]
[Date "2013.01.19"]
[Round "7.3"]
[White "D'Ambrosio, Luca"]
[Black "Moroder, Stephan"]
[Result "0-1"]
[WhiteElo "1748"]
[BlackElo "2083"]
[PlyCount "74"]
[EventDate "2013.??.??"]

1. d4 Nf6 2. Nf3 g6 3. Bg5 Bg7 4. Nbd2 O-O 5. e3 b6 6. Be2 Bb7 7. O-O c5 8. c3
d6 9. Qc2 Nbd7 10. Rac1 Rc8 11. Qb1 a6 12. b4 Qc7 13. a4 Rfe8 14. Rfe1 e5 15.
e4 exd4 16. cxd4 Nxe4 17. Nxe4 Bxe4 18. Qb3 Qb7 19. dxc5 bxc5 20. b5 d5 21. Nd2
c4 22. Qb4 Bf5 23. Bf3 Rxe1+ 24. Rxe1 Bf8 25. Qa5 axb5 26. Qxb5 Qxb5 27. axb5
Be6 28. Rb1 Bc5 29. Bf4 f6 30. h4 Nb6 31. Kf1 Ra8 32. Be3 Bxe3 33. fxe3 Ra2 34.
Ke1 f5 35. g3 Kf7 36. Kd1 Ke7 37. Be2 c3 0-1

[Event "Groeden-ASD Arci Scacchi"]
[Site "?"]
[Date "2013.01.19"]
[Round "7.4"]
[White "Moroder, Thomas"]
[Black "Pollana, Marco"]
[Result "1-0"]
[WhiteElo "1894"]
[BlackElo "1766"]
[PlyCount "91"]
[EventDate "2013.??.??"]

1. e4 Nc6 2. Nf3 Nf6 3. e5 Ng8 4. d4 d5 5. h3 Bf5 6. c3 e6 7. Bb5 h6 8. Bxc6+
bxc6 9. Be3 Qb8 10. b4 a5 11. bxa5 Qb2 12. Nbd2 Bd3 13. Nb3 Qxc3+ 14. Bd2 Qc4
15. Rc1 Qb5 16. Nc5 Bxc5 17. Rxc5 Qa6 18. Bb4 Rb8 19. a3 Ne7 20. Nd2 Nf5 21.
Nf3 Be4 22. Rc3 Kd7 23. Rg1 Qa7 24. g4 Ne7 25. Rg3 Rb5 26. Qd2 Rhb8 27. Qf4 Rf8
28. Qe3 Qb7 29. Nd2 f5 30. f4 g5 31. Nb3 fxg4 32. Rxg4 gxf4 33. Rxf4 Nf5 34.
Qg1 Rf7 35. Nc5+ Rxc5 36. Rxc5 Qa6 37. Rc3 Rg7 38. Rg4 Rf7 39. Kd2 Qa7 40. Rc5
Qa6 41. Rc3 Qa7 42. a4 Qb7 43. Rb3 h5 44. Rg8 Nh4 45. Rd8+ Kxd8 46. Qg8+ 1-0

[Event "Groeden-ASD Arci Scacchi"]
[Site "?"]
[Date "2013.01.19"]
[Round "7.5"]
[White "Rinaldo, Gaetano"]
[Black "Prinoth, Franz"]
[Result "0-1"]
[WhiteElo "1607"]
[BlackElo "1772"]
[PlyCount "100"]
[EventDate "2013.??.??"]

1. c4 Nf6 2. Nc3 e5 3. g3 d6 4. Bg2 Be7 5. d3 c6 6. Nf3 O-O 7. O-O Nbd7 8. h3
Re8 9. Kh2 d5 10. cxd5 cxd5 11. Ng1 d4 12. Nd5 Nxd5 13. Bxd5 Nf6 14. Bg2 Rb8
15. Bg5 Nd5 16. Bxe7 Rxe7 17. Rc1 Be6 18. Qd2 h6 19. Rc5 b6 20. Rc6 a5 21. a3
Rc8 22. Rfc1 Rec7 23. R6c2 Rxc2 24. Rxc2 Rxc2 25. Qxc2 Qc7 26. Qxc7 Nxc7 27.
Nf3 f6 28. Nd2 Kf7 29. Kg1 Ke7 30. h4 f5 31. e3 Kd6 32. exd4 exd4 33. f4 Nb5
34. Kf2 Nc3 35. Ke1 Na4 36. b4 Nb2 37. Ke2 Na4 38. Nc4+ Bxc4 39. dxc4 Nb2 40.
bxa5 bxa5 41. Bd5 Kc5 42. Be6 Nxc4 43. Kd3 Ne3 44. Bd7 Nf1 45. g4 fxg4 46. Bxg4
Ne3 47. Bd7 Nc4 48. a4 Nb6 49. Be8 Nd5 50. Ke4 Nf6+ 0-1

[Event "Groeden-ASD Arci Scacchi"]
[Site "?"]
[Date "2013.01.19"]
[Round "7.6"]
[White "Knottner, Klaus"]
[Black "Scarabello, Graziano"]
[Result "1-0"]
[WhiteElo "1648"]
[BlackElo "1320"]
[PlyCount "105"]
[EventDate "2013.??.??"]

1. e4 e5 2. Nf3 Nc6 3. Bb5 d6 4. O-O a6 5. Ba4 Bd7 6. c3 h6 7. d4 b5 8. Bb3 Bg4
9. d5 Na5 10. Bc2 Ne7 11. a4 c6 12. dxc6 Nexc6 13. axb5 axb5 14. b4 Nc4 15.
Rxa8 Qxa8 16. Qd5 Qa6 17. Nbd2 Be6 18. Qd3 Be7 19. Re1 O-O 20. Nf1 f5 21. exf5
Bxf5 22. Qd5+ Kh8 23. Bxf5 Rxf5 24. Ng3 Rf8 25. Ne4 Na7 26. Qe6 Nc8 27. Bxh6
Qb7 28. Qg6 Bf6 29. Nxf6 Rxf6 30. Qe8+ Kh7 31. Bc1 Rg6 32. Ng5+ Rxg5 33. Bxg5
d5 34. h4 N8d6 35. Qh5+ Kg8 36. Qg6 Kf8 37. Rxe5 Nxe5 38. Qxd6+ Kg8 39. Qxe5
Qa7 40. Qxd5+ Kh8 41. Qxb5 Qa1+ 42. Kh2 Qxc3 43. Qc5 Qb3 44. b5 g6 45. Qf8+ Kh7
46. Qh6+ Kg8 47. Qxg6+ Kf8 48. Bh6+ Ke7 49. Qg7+ Ke6 50. Qg8+ Kf5 51. Qxb3 Kg4
52. Qf3+ Kxh4 53. g3# 1-0

[Event "J. Richter/LASK BZ-SK Naturns Jambo"]
[Site "?"]
[Date "2013.01.19"]
[Round "7.1"]
[White "Mukic, Josko"]
[Black "Scharrer, Patrick"]
[Result "1/2-1/2"]
[WhiteElo "2268"]
[BlackElo "2297"]
[PlyCount "124"]
[EventDate "2013.??.??"]

1. Nf3 g6 2. e4 Bg7 3. d4 d6 4. Nc3 Nf6 5. h3 O-O 6. Be3 c5 7. dxc5 Qa5 8. Nd2
dxc5 9. Nb3 Qc7 10. Nxc5 b6 11. Nb3 Bb7 12. Bd3 Na6 13. O-O Nc5 14. Nxc5 bxc5
15. Qe2 Rac8 16. Ba6 Qb6 17. Bxb7 Qxb7 18. Qc4 Qxb2 19. Rab1 Qa3 20. Na4 Nd7
21. Rb7 Nb6 22. Nxb6 axb6 23. Rxb6 Ra8 24. Rc6 Bd4 25. Bxd4 cxd4 26. Qxd4 Qxa2
27. Qc5 e6 28. Rd1 Qb2 29. Qd4 Qxd4 30. Rxd4 Rfd8 31. Rxd8+ Rxd8 32. Rc4 Rd1+
33. Kh2 Kg7 34. g3 g5 35. Kg2 h5 36. Rc5 f6 37. e5 Re1 38. exf6+ Kxf6 39. Rc3
g4 40. hxg4 hxg4 41. Re3 Ra1 42. f3 gxf3+ 43. Kxf3 e5 44. Ke2 Kf5 45. Kd2 Ra4
46. c3 Ra8 47. c4 Ra2+ 48. Kd1 e4 49. c5 Ke5 50. c6 Kd6 51. Rc3 Kc7 52. Ke1 Rg2
53. Kf1 Rd2 54. g4 Ra2 55. Rc5 e3 56. g5 Rf2+ 57. Kg1 Rd2 58. Re5 Kxc6 59. Rxe3
Ra2 60. g6 Kd6 61. g7 Ra8 62. Rg3 Rg8 1/2-1/2

[Event "J. Richter/LASK BZ-SK Naturns Jambo"]
[Site "?"]
[Date "2013.01.19"]
[Round "7.2"]
[White "Bevilacqua, Maurizio"]
[Black "La Manna, Andrea"]
[Result "1-0"]
[WhiteElo "1974"]
[BlackElo "2193"]
[PlyCount "59"]
[EventDate "2013.??.??"]

1. d4 Nf6 2. Nf3 c5 3. d5 g6 4. g3 d6 5. Bg2 Bg7 6. O-O O-O 7. c4 b5 8. cxb5 a6
9. b6 Qxb6 10. Nc3 Nbd7 11. h3 Rb8 12. Qc2 Qd8 13. e4 Nb6 14. Nd2 e6 15. g4 h5
16. g5 Nfd7 17. Nb3 exd5 18. Na5 Qc7 19. exd5 Nxd5 20. Bxd5 Qxa5 21. Qxg6 Bb7
22. Qxd6 Rfd8 23. Bxb7 Rxb7 24. Qg3 Ne5 25. Ne4 Rd3 26. Be3 h4 27. Qg2 Rxb2 28.
Nf6+ Kf8 29. Qa8+ Rd8 30. Bxc5+ 1-0

[Event "J. Richter/LASK BZ-SK Naturns Jambo"]
[Site "?"]
[Date "2013.01.19"]
[Round "7.3"]
[White "Nicolodi, Raoul"]
[Black "De Vita, Gianni"]
[Result "1-0"]
[WhiteElo "1983"]
[BlackElo "1973"]
[PlyCount "57"]
[EventDate "2013.??.??"]

1. Nf3 Nf6 2. c4 c5 3. Nc3 g6 4. g3 Bg7 5. Bg2 Nc6 6. O-O O-O 7. d4 cxd4 8.
Nxd4 Qb6 9. Be3 Ng4 10. Nxc6 Nxe3 11. Nxe7+ Kh8 12. Nxc8 Qxb2 13. fxe3 Qxc3 14.
Nd6 Qxa1 15. Qxa1 Bxa1 16. Rxa1 Rab8 17. Nxb7 Rfe8 18. Kf2 Re7 19. Rd1 Kg7 20.
Rd6 Kf8 21. Nc5 Ke8 22. Nxd7 Rb2 23. c5 Rxa2 24. c6 Rc2 25. Nf6+ Kf8 26. Nd5
Re6 27. Rd8+ Re8 28. c7 a5 29. Nf6 1-0

[Event "J. Richter/LASK BZ-SK Naturns Jambo"]
[Site "?"]
[Date "2013.01.19"]
[Round "7.4"]
[White "Kowalczyk, Martin"]
[Black "Fox, Jonas"]
[Result "1-0"]
[WhiteElo "1887"]
[BlackElo "1783"]
[PlyCount "75"]
[EventDate "2013.??.??"]

1. e4 e6 2. d3 d5 3. Nd2 c5 4. Ngf3 Nc6 5. g3 g6 6. Bg2 Bg7 7. O-O Nge7 8. c3
O-O 9. Re1 h6 10. Nf1 b6 11. Qe2 Ba6 12. e5 g5 13. g4 Ng6 14. Ng3 Ngxe5 15.
Nxe5 Nxe5 16. Nh5 Nxd3 17. Nxg7 Nxe1 18. Qxe1 Kxg7 19. f4 f6 20. h4 gxf4 21.
Bxf4 e5 22. Bd2 e4 23. Qe3 Rh8 24. Qf4 Qe7 25. Qg3 Raf8 26. Bf4 Qe6 27. Bh3 Kh7
28. g5 f5 29. Kf2 d4 30. Rg1 e3+ 31. Ke1 Qc4 32. g6+ Kg8 33. Bf1 e2 34. Bg2
dxc3 35. g7 Qf7 36. Bd5 Qxd5 37. gxh8=Q+ Kf7 38. Qgg7+ 1-0

[Event "J. Richter/LASK BZ-SK Naturns Jambo"]
[Site "?"]
[Date "2013.01.19"]
[Round "7.5"]
[White "Unterthurner, Hans"]
[Black "Di Lazzaro, Gabriele"]
[Result "1/2-1/2"]
[WhiteElo "2029"]
[BlackElo "1814"]
[PlyCount "100"]
[EventDate "2013.??.??"]

1. e4 d5 2. exd5 Nf6 3. d4 Nxd5 4. c4 Nb6 5. Nc3 e5 6. Qe2 Be7 7. dxe5 Nc6 8.
Be3 Bb4 9. Bd2 Nd4 10. Qd1 Bf5 11. Rc1 Qe7 12. a3 Qxe5+ 13. Nge2 Nxe2 14. Qxe2
Qxe2+ 15. Bxe2 Bxc3 16. Rxc3 O-O 17. O-O Rfe8 18. Be3 Nd7 19. Rd1 Nf6 20. f3 c5
21. g4 Be6 22. g5 Nd7 23. f4 b6 24. Bd3 Bg4 25. Re1 g6 26. Kf2 f6 27. Rg1 Be6
28. gxf6 Nxf6 29. f5 Bd7 30. h3 Ne4+ 31. Bxe4 Rxe4 32. fxg6 hxg6 33. Rxg6+ Kh7
34. Rf6 Kg7 35. Rf4 Rxf4+ 36. Bxf4 Rf8 37. Kg3 Kg6 38. h4 Kf5 39. Bg5 Bc6 40.
Re3 Be4 41. Re2 Ke5 42. h5 Kd4 43. h6 Bd3 44. Re7 Kxc4 45. Bf4 Rh8 46. Rxa7 Kb3
47. Kh4 Re8 48. Rd7 c4 49. Rb7 Kxb2 50. Rxb6+ Kxa3 1/2-1/2

[Event "J. Richter/LASK BZ-SK Naturns Jambo"]
[Site "?"]
[Date "2013.01.19"]
[Round "7.6"]
[White "Angeloni, Giovanni"]
[Black "Naegele, Norbert"]
[Result "0-1"]
[WhiteElo "1482"]
[BlackElo "1786"]
[PlyCount "42"]
[EventDate "2013.??.??"]

1. e4 c5 2. c3 d5 3. Bb5+ Bd7 4. Qa4 dxe4 5. Bxd7+ Qxd7 6. Qxe4 Nf6 7. Qc2 Qg4
8. g3 Nc6 9. f3 Qd7 10. d3 Rd8 11. Be3 e5 12. Ke2 Be7 13. Nd2 Nd5 14. Ne4 Nxe3
15. Kxe3 f5 16. Nf2 O-O 17. Nfh3 e4 18. Rd1 Ne5 19. Nf2 exf3 20. Qb3+ Kh8 21.
d4 Bg5# 0-1

[Event "J. Richter/Lask BZ II-SK Passeier"]
[Site "?"]
[Date "2013.01.19"]
[Round "7.1"]
[White "Pichler, Michael"]
[Black "Muscolino, Attilio"]
[Result "1/2-1/2"]
[WhiteElo "1832"]
[BlackElo "1735"]
[PlyCount "80"]
[EventDate "2013.??.??"]

1. e4 c5 2. Nf3 d6 3. d4 cxd4 4. Nxd4 Nf6 5. Bd3 Nc6 6. Nxc6 bxc6 7. c4 e5 8.
O-O Be7 9. Nc3 O-O 10. Qe2 Nd7 11. Be3 Bg5 12. Rfd1 Bxe3 13. Qxe3 Qe7 14. b4
Nf6 15. a4 Bg4 16. Rd2 Rfd8 17. b5 cxb5 18. axb5 Be6 19. Rda2 Qb7 20. Rxa7 Rxa7
21. Rxa7 Qb8 22. Ra6 Bc8 23. Ra1 h6 24. h3 Be6 25. Qa7 Nd7 26. Qxb8 Rxb8 27. f3
Nb6 28. Nd5 Bxd5 29. cxd5 Nd7 30. Kf2 Nc5 31. Bf1 Kf8 32. Ke3 Rb7 33. g3 Ke7
34. f4 f6 35. h4 Kd7 36. Ra8 Kc7 37. Rg8 Kb6 38. Rc8 Rc7 39. Rxc7 Kxc7 40. g4
g5 1/2-1/2

[Event "J. Richter/Lask BZ II-SK Passeier"]
[Site "?"]
[Date "2013.01.19"]
[Round "7.2"]
[White "Giuliano, Arturo"]
[Black "Innerhofer, Stefan"]
[Result "0-1"]
[WhiteElo "1735"]
[BlackElo "1550"]
[PlyCount "80"]
[EventDate "2013.??.??"]

1. e4 e6 2. d4 b6 3. Nf3 Bb7 4. Nc3 Bb4 5. Bd3 Ne7 6. O-O Bxc3 7. bxc3 O-O 8.
c4 f5 9. Re1 Bxe4 10. Bxe4 fxe4 11. Rxe4 Na6 12. Bg5 Qe8 13. Qe2 c6 14. Re1 Nc7
15. c3 Ng6 16. Qe3 Rf5 17. g4 Ra5 18. Qd2 Ra4 19. d5 cxd5 20. cxd5 Rxe4 21.
Rxe4 Nxd5 22. c4 Nde7 23. h4 Nc6 24. h5 Nf8 25. Qd6 Rc8 26. h6 gxh6 27. Bxh6
Qg6 28. Qf4 Qf7 29. Qe3 Ng6 30. Ng5 Qf6 31. Nxe6 dxe6 32. Rxe6 Qa1+ 33. Kh2
Nce5 34. f3 Qxa2+ 35. Kg3 Qxc4 36. Rxe5 Nxe5 37. Qxe5 Qc7 38. f4 Qxe5 39. fxe5
Kf7 40. Bf4 a5 0-1

[Event "J. Richter/Lask BZ II-SK Passeier"]
[Site "?"]
[Date "2013.01.19"]
[Round "7.3"]
[White "Innerhofer, Hannes"]
[Black "Hermeter, Walter"]
[Result "1/2-1/2"]
[WhiteElo "1629"]
[BlackElo "1660"]
[PlyCount "86"]
[EventDate "2013.??.??"]

1. e4 c5 2. c3 e6 3. d4 d5 4. e5 Nc6 5. Bb5 Qb6 6. Bxc6+ bxc6 7. Ne2 cxd4 8.
cxd4 c5 9. Nbc3 Bd7 10. O-O c4 11. Ng3 Ne7 12. Rb1 Nc6 13. Be3 Qa5 14. a3 Rb8
15. Qg4 g6 16. Nce2 Ne7 17. Bg5 Nf5 18. Nf4 Rb3 19. Nxf5 exf5 20. Qh4 Bg7 21.
Be7 h6 22. Bb4 Qd8 23. Qxd8+ Kxd8 24. Nxd5 Bc6 25. Nf4 Be4 26. Rbc1 g5 27. Nh5
Bf8 28. Bc3 Bd3 29. Rfe1 Ke7 30. d5 Rg8 31. Nf6 Rg6 32. Bb4+ Rxb4 33. axb4 Kd8
34. d6 Bxd6 35. exd6 Rxf6 36. Red1 Kd7 37. Ra1 Rxd6 38. Rxa7+ Ke6 39. Re1+ Kd5
40. Ree7 Rb6 41. Rab7 Ra6 42. h3 Ra2 43. Rbd7+ Kc6 1/2-1/2

[Event "J. Richter/Lask BZ II-SK Passeier"]
[Site "?"]
[Date "2013.01.19"]
[Round "7.4"]
[White "Bonseri, Sergio"]
[Black "Pirpamer, Klaus"]
[Result "1/2-1/2"]
[WhiteElo "1710"]
[BlackElo "1749"]
[PlyCount "110"]
[EventDate "2013.??.??"]

1. e4 e5 2. Nf3 Nc6 3. Bb5 a6 4. Ba4 Nf6 5. O-O Be7 6. Re1 b5 7. Bb3 O-O 8. c3
d5 9. exd5 Nxd5 10. d4 exd4 11. Nxd4 Nxd4 12. Qxd4 Bb7 13. Nd2 c5 14. Qg4 f5
15. Bxd5+ Qxd5 16. Qh3 Bf6 17. Nf3 b4 18. Bg5 bxc3 19. Bxf6 Rxf6 20. bxc3 Rg6
21. Kh1 Rh6 22. Qg3 Rg6 23. Qh3 Rd8 24. Re5 Qd6 25. Rae1 Be4 26. Qh4 Qd3 27.
Qf4 Qxc3 28. Rc1 Qb2 29. Ng5 Rf8 30. Rexc5 Qxa2 31. Rc8 Rgf6 32. f3 h6 33.
Rxf8+ Rxf8 34. Nxe4 fxe4 35. Qxe4 Rd8 36. Qg6 Qc4 37. Re1 Qe2 38. Qb1 Qd2 39.
h3 a5 40. Re7 Qd1+ 41. Qxd1 Rxd1+ 42. Kh2 a4 43. Ra7 Ra1 44. h4 h5 45. Kg3 Kh7
46. Kf4 Ra2 47. g4 hxg4 48. fxg4 Rf2+ 49. Kg5 Rf6 50. h5 Rb6 51. Rxa4 Rb5+ 52.
Kh4 g5+ 53. hxg6+ Kxg6 54. Ra6+ Kg7 55. g5 Rb1 1/2-1/2

[Event "J. Richter/Lask BZ II-SK Passeier"]
[Site "?"]
[Date "2013.01.19"]
[Round "7.5"]
[White "Fauster, Guenther"]
[Black "Gruber, Martin"]
[Result "1-0"]
[WhiteElo "1605"]
[BlackElo "1609"]
[PlyCount "77"]
[EventDate "2013.??.??"]

1. d4 d6 2. c4 e5 3. dxe5 dxe5 4. Qxd8+ Kxd8 5. Nc3 c6 6. Nf3 Nd7 7. Bg5+ Ngf6
8. O-O-O Kc7 9. h3 Bb4 10. Bxf6 gxf6 11. Ne4 a6 12. e3 b5 13. Nh4 Nb6 14. c5
Nd7 15. a3 Bxc5 16. Rxd7+ Bxd7 17. Nxc5 a5 18. Nxd7 Kxd7 19. Bd3 Kc7 20. Nf5 a4
21. Nh6 Rhd8 22. Bf5 Rf8 23. Rd1 Rad8 24. Rxd8 Kxd8 25. Bxh7 Ke7 26. Bf5 c5 27.
Ng4 b4 28. h4 Rg8 29. h5 Rg5 30. e4 Rxh5 31. Ne3 b3 32. Bh3 Kd6 33. Kd2 Rh8 34.
Kc3 Kc6 35. Nd5 Rd8 36. Kc4 Rd6 37. Bc8 Rd8 38. Ba6 Rg8 39. Ne7+ 1-0

[Event "J. Richter/Lask BZ II-SK Passeier"]
[Site "?"]
[Date "2013.01.19"]
[Round "7.6"]
[White "Anrather, Eva"]
[Black "Kofler, Josef"]
[Result "0-1"]
[WhiteElo "1395"]
[BlackElo "1564"]
[PlyCount "70"]
[EventDate "2013.??.??"]

1. e4 e5 2. Nf3 Nc6 3. Nc3 Nf6 4. d4 exd4 5. Nxd4 Ne5 6. Bg5 h6 7. Bh4 Ng6 8.
Bg3 Bb4 9. Ndb5 d6 10. a3 Ba5 11. Qd3 a6 12. Nd4 Bxc3+ 13. bxc3 Qe7 14. Kd2 O-O
15. f4 Nxe4+ 16. Kc1 Nc5 17. Qd2 Ne4 18. Qd3 h5 19. Be2 h4 20. f5 Qg5+ 21. Kb2
Nc5 22. Qd1 Bxf5 23. Nf3 Qe3 24. Nd4 Bd7 25. Be1 Na4+ 26. Kb3 Qg5 27. Bf3 Qc5
28. Rb1 Ne5 29. Ka2 Nxf3 30. Qxf3 Qc4+ 31. Nb3 Rae8 32. Bd2 Re2 33. Rbd1 Bc6
34. Qd3 Qxd3 35. cxd3 Nxc3+ 0-1

[Event "SC Lana-SK Deutschnofen"]
[Site "?"]
[Date "2013.01.19"]
[Round "7.1"]
[White "Thurner, Markus"]
[Black "Hoelzl, Matthias"]
[Result "1/2-1/2"]
[WhiteElo "1847"]
[BlackElo "1709"]
[PlyCount "84"]
[EventDate "2013.??.??"]

1. f4 d5 2. Nf3 g6 3. e3 Bg7 4. Be2 Nf6 5. O-O O-O 6. Qe1 e6 7. d3 Nbd7 8. Nbd2
b6 9. e4 dxe4 10. dxe4 Bb7 11. e5 Nd5 12. Nb3 a5 13. Bd2 Qe7 14. a3 Nc5 15.
Nbd4 Bh6 16. g3 Qd7 17. Bb5 c6 18. Bc4 Rfd8 19. f5 Bxd2 20. Qxd2 exf5 21. Qh6
Ne4 22. Rae1 b5 23. Rxe4 bxc4 24. Rh4 f6 25. e6 Qg7 26. e7 Re8 27. Qxg7+ Kxg7
28. Ne6+ Kg8 29. Nc5 Rxe7 30. Rf2 Rae8 31. Rxc4 Bc8 32. Ra4 Nb6 33. Rxa5 Nc4
34. Ra4 Nxb2 35. Rd4 Ra7 36. c3 Rxa3 37. Rxb2 Rxc3 38. Nd3 Ba6 39. Nde1 c5 40.
Rdd2 c4 41. Rb6 Ra3 42. Rdd6 Ra8 1/2-1/2

[Event "SC Lana-SK Deutschnofen"]
[Site "?"]
[Date "2013.01.19"]
[Round "7.2"]
[White "Pichler, Norbert"]
[Black "Gibitz, Othmar"]
[Result "0-1"]
[WhiteElo "1617"]
[BlackElo "1592"]
[PlyCount "60"]
[EventDate "2013.??.??"]

1. d4 d5 2. Bf4 Nf6 3. Nf3 Nc6 4. c3 e6 5. Nbd2 h6 6. h3 Bd6 7. Ne5 Nd7 8. Nd3
Bxf4 9. Nxf4 Nf6 10. e3 O-O 11. Bd3 Qd6 12. O-O Ne7 13. c4 c5 14. dxc5 Qxc5 15.
Rc1 Qd6 16. Nf3 e5 17. Nxd5 Nexd5 18. Bb1 e4 19. Ne1 Qe5 20. cxd5 Qxb2 21. Nc2
Qe5 22. Na3 Rd8 23. Qc2 Rxd5 24. Nc4 Qg5 25. Kh1 Qh4 26. f3 Bf5 27. Qf2 Qxf2
28. Rxf2 Rc8 29. a4 a6 30. Rb2 a5 0-1

[Event "SC Lana-SK Deutschnofen"]
[Site "?"]
[Date "2013.01.19"]
[Round "7.3"]
[White "Hofer, Alois"]
[Black "Kofler, Albin"]
[Result "1-0"]
[WhiteElo "1559"]
[BlackElo "1560"]
[PlyCount "89"]
[EventDate "2013.??.??"]

1. d4 Nf6 2. c4 d5 3. e3 c6 4. Nc3 Nbd7 5. c5 e6 6. Nf3 g6 7. Bd3 Bg7 8. Qe2
O-O 9. O-O Qc7 10. e4 dxe4 11. Nxe4 Nxe4 12. Qxe4 Nf6 13. Qh4 Re8 14. Bf4 Qd7
15. Bd6 Nh5 16. g4 Bf6 17. g5 Be7 18. Ne5 Qd8 19. Bxe7 Qxe7 20. Be2 Ng7 21. Qf4
Nf5 22. Ng4 Rd8 23. Nf6+ Kg7 24. Qe5 Kf8 25. Nxh7+ Kg8 26. Nf6+ Kf8 27. Rad1
Rd5 28. Qf4 e5 29. Nxd5 exf4 30. Nxe7 Kxe7 31. Rfe1 Kf8 32. Bc4 Nh4 33. Re4 Bg4
34. Rc1 Nf3+ 35. Kg2 Nxg5 36. Rxf4 Be6 37. h4 Bxc4 38. Rxc4 Ne6 39. Re4 Kg7 40.
Rb4 Rb8 41. Ra4 a6 42. Rb4 a5 43. Rb6 Nc7 44. Re7 Nd5 45. Rexb7 1-0

[Event "SC Lana-SK Deutschnofen"]
[Site "?"]
[Date "2013.01.19"]
[Round "7.4"]
[White "Del Rosso, Peter"]
[Black "Welsch, Ulrich"]
[Result "1/2-1/2"]
[WhiteElo "1505"]
[BlackElo "1459"]
[PlyCount "68"]
[EventDate "2013.??.??"]

1. b4 e6 2. Bb2 d5 3. Nf3 Nf6 4. b5 c6 5. a4 Be7 6. e3 O-O 7. c4 a6 8. Nc3 Bd7
9. cxd5 Nxd5 10. Nxd5 exd5 11. Be2 axb5 12. axb5 Rxa1 13. Qxa1 Bf6 14. Bxf6
Qxf6 15. Qxf6 gxf6 16. bxc6 Bxc6 17. O-O Nd7 18. d4 Ra8 19. Nh4 Nf8 20. Nf5 Ng6
21. Rb1 Kf8 22. h3 Rd8 23. Bd3 Ke8 24. Ng3 Rd6 25. Nf1 h6 26. Ng3 Ne7 27. Rb6
Kd8 28. Kf1 Kc7 29. Rb1 Rd8 30. Ke1 Ra8 31. Nh5 Ra3 32. Bh7 f5 33. g4 fxg4 34.
hxg4 Kd6 1/2-1/2

[Event "SC Lana-SK Deutschnofen"]
[Site "?"]
[Date "2013.01.19"]
[Round "7.5"]
[White "Pichler, Hubertus"]
[Black "Menghin, Karl"]
[Result "1/2-1/2"]
[WhiteElo "1418"]
[BlackElo "1439"]
[PlyCount "35"]
[EventDate "2013.??.??"]

1. d4 Nf6 2. c4 b6 3. Nf3 Bb7 4. e3 g6 5. Nc3 Bg7 6. Be2 O-O 7. O-O d6 8. b4
Ne4 9. Bb2 Nxc3 10. Bxc3 c5 11. bxc5 dxc5 12. Qd2 Qc7 13. Rfd1 Rd8 14. a4 Nd7
15. a5 Nf6 16. h3 Ne4 17. Qb2 Nxc3 18. Qxc3 1/2-1/2

[Event "SC SSV Bruneck-ASK Niederdorf"]
[Site "?"]
[Date "2013.01.19"]
[Round "7.1"]
[White "Obersteiner, Stefan"]
[Black "Glueck, Alexander"]
[Result "0-1"]
[WhiteElo "1731"]
[BlackElo "1964"]
[PlyCount "124"]
[EventDate "2013.??.??"]

1. d4 d5 2. c4 c6 3. Nc3 Nf6 4. e3 e6 5. Nf3 Nbd7 6. Be2 Bd6 7. O-O O-O 8. b3
Qe7 9. Qc2 dxc4 10. Bxc4 e5 11. dxe5 Nxe5 12. Be2 Nxf3+ 13. Bxf3 Qe5 14. g3 Bh3
15. Bg2 Bxg2 16. Kxg2 Rfe8 17. Bb2 Ng4 18. Rae1 Rad8 19. Qe2 h5 20. Qf3 Bb4 21.
Nd1 Qg5 22. Re2 Rd7 23. a3 Bc5 24. b4 Bb6 25. Nc3 h4 26. h3 Nh6 27. Na4 hxg3
28. fxg3 Rxe3 29. Rxe3 Qxe3 30. Nxb6 Qxf3+ 31. Kxf3 axb6 32. Re1 f6 33. g4 Kf7
34. Re3 b5 35. Bc1 Ng8 36. h4 Rd1 37. Bb2 Ne7 38. Kf2 Nd5 39. Re2 Rh1 40. Kg3
Rg1+ 41. Rg2 Rxg2+ 42. Kxg2 Ne3+ 43. Kf3 Nc4 44. Bc1 Ke6 45. Ke4 Ne5 46. g5 f5+
47. Kd4 Nf3+ 48. Kc5 Nxh4 49. Kb6 Ng2 50. Bb2 g6 51. Kxb7 Kd7 52. Kb6 Kd6 53.
Bd4 Kd5 54. Bf2 f4 55. Kc7 Ne3 56. Kd7 Ng4 57. Be1 f3 58. Ke7 f2 59. Bxf2 Nxf2
60. Kf6 Ne4+ 61. Kxg6 Kc4 62. Kh6 Nxg5 0-1

[Event "SC SSV Bruneck-ASK Niederdorf"]
[Site "?"]
[Date "2013.01.19"]
[Round "7.2"]
[White "Balzarini, Franco"]
[Black "Girardelli, Daniel"]
[Result "1-0"]
[WhiteElo "1775"]
[BlackElo "1398"]
[PlyCount "91"]
[EventDate "2013.??.??"]

1. d4 d5 2. Nf3 Nc6 3. e3 e6 4. Be2 Nf6 5. O-O Be7 6. c4 O-O 7. b3 dxc4 8. bxc4
b6 9. Nbd2 Bb7 10. Bb2 h6 11. Qc2 Nb4 12. Qb3 c5 13. Rad1 Qc7 14. a3 Nc6 15.
dxc5 bxc5 16. Qc3 Qa5 17. Qc2 Rad8 18. Nb3 Qb6 19. Bc3 Rd7 20. Rb1 Qd8 21. Qb2
Ba8 22. Rfd1 Rxd1+ 23. Rxd1 Qc7 24. Qc2 Rd8 25. Rxd8+ Bxd8 26. Nxc5 Ne5 27.
Nxe5 Qxc5 28. Qd3 Bc7 29. Nd7 Nxd7 30. Qxd7 Qc6 31. Qc8+ Kh7 32. Bf3 Bb7 33.
Qxb7 Qxb7 34. Bxb7 f6 35. Kf1 Kg6 36. a4 Kf7 37. Bd4 a5 38. Ke2 Ke7 39. Bc5+
Bd6 40. Bb6 Kd7 41. c5 Bc7 42. c6+ Kd6 43. Bxc7+ Kxc7 44. Kd3 Kb6 45. Kc4 g5
46. g4 1-0

[Event "SC SSV Bruneck-ASK Niederdorf"]
[Site "?"]
[Date "2013.01.19"]
[Round "7.3"]
[White "Haspinger, Hartmann"]
[Black "Peintner, Markus"]
[Result "1/2-1/2"]
[WhiteElo "1349"]
[BlackElo "1481"]
[PlyCount "46"]
[EventDate "2013.??.??"]

1. d4 d5 2. c4 e6 3. Nc3 Nf6 4. Bg5 Be7 5. Nf3 O-O 6. e3 h6 7. Bh4 b6 8. a3 Bb7
9. Be2 Nbd7 10. O-O dxc4 11. Bxc4 c5 12. Rc1 cxd4 13. Nxd4 Ne5 14. Be2 Nd5 15.
Bxe7 Qxe7 16. Ncb5 Rfc8 17. Qd2 a6 18. Nc3 Nxc3 19. Rxc3 Rxc3 20. Qxc3 Rc8 21.
Qd2 Qc5 22. Rd1 Qc7 23. h3 Qc5 1/2-1/2